000 00479nam a2200157Ia 4500
999 _c18890
_d18890
003 OSt
005 20200702103816.0
008 190216s9999||||xx |||||||||||||| ||und||
040 _coclc
082 _a917.3032
_bSCH/B
100 _aSchlesinger, Arthur M
_93438
245 4 _aThe Birth Of The Nation /
_cArthur M Schlesinger
260 _bScientific Book Agency,
_c1970.
_aCalcutta:
300 _a258p
942 _cBK
_2ddc
_h917.3032
_iSCH/B
_k917.3032
_mSCH/B